Firmy według państw - Statystyki

Ogólne statystyki
  • Ten quiz został rozwiązany 8 235 razy
    3 833 od ostatniego zresetowania
  • Średni wynik to 12 z 22
Statystyki odpowiedzi
Firma Państwo % Poprawnych
Toyota / Yamaha Japonia
99%
Walt Disney / Google Stany Zjednoczone
93%
Volkswagen / Bayer Niemcy
88%
Lego / Novo Nordisk Dania
85%
Samsung / Hyundai Korea Południowa
84%
Volvo / Spotify Szwecja
79%
Armani / Prada Włochy
79%
Barclays / Rolls-Royce Wielka Brytania
78%
Rolex / Nestlé Szwajcaria
73%
Nokia / Rovio Finlandia
72%
Michelin / Airbus Francja
68%
Baidu / Ali Baba Chiny
48%
Tata / Infosys Indie
46%
Lukoil / Yandex Rosja
40%
ING / ASML Holandia
37%
Tim Hortons / Lululemon Kanada
34%
Al Jazeera /Ooredoo Katar
32%
Billabong /Qantas Australia
24%
TSMC / Foxconn Tajwan
17%
Petrobras / Vale Brazylia
16%
Jumex / Telmex Meksyk
13%
AB InBev / Godiva Belgia
11%
Nie znaleziono quizów pasujących do podanych kryteriów
Rozkład punktacji
Procent ludzi z każdym wynikiem
Percentyl według liczby udzielonych odpowiedzi
Twoja historia wyników
Nie rozwiązałeś tego quizu od ostatniego zresetowania